<?xml version="1.0" encoding="UTF-8"?>
<collection xmlns="http://www.loc.gov/MARC21/slim">
<record>
  <controlfield tag="001">167367</controlfield>
  <controlfield tag="005">20260121151435.0</controlfield>
  <datafield tag="037" ind1=" " ind2=" ">
    <subfield code="a">TAZ-TFG-2025-1144</subfield>
  </datafield>
  <datafield tag="041" ind1=" " ind2=" ">
    <subfield code="a">eng</subfield>
  </datafield>
  <datafield tag="100" ind1="1" ind2=" ">
    <subfield code="a">Calvo Cruces, Sergio</subfield>
  </datafield>
  <datafield tag="242" ind1="0" ind2="0">
    <subfield code="a">The Thin Line between Fact and Fiction in Shutter Island (2010)</subfield>
  </datafield>
  <datafield tag="245" ind1="0" ind2="0">
    <subfield code="a">The Thin Line between Fact and Fiction in Shutter Island (2010)</subfield>
  </datafield>
  <datafield tag="260" ind1=" " ind2=" ">
    <subfield code="a">Zaragoza</subfield>
    <subfield code="b">Universidad de Zaragoza</subfield>
    <subfield code="c">2025</subfield>
  </datafield>
  <datafield tag="506" ind1=" " ind2=" ">
    <subfield code="a">by-nc-sa</subfield>
    <subfield code="b">Creative Commons</subfield>
    <subfield code="c">3.0</subfield>
    <subfield code="u">http://creativecommons.org/licenses/by-nc-sa/3.0/</subfield>
  </datafield>
  <datafield tag="520" ind1=" " ind2=" ">
    <subfield code="a">This undergraduate dissertation explores the narrative and symbolic structure of Shutter Island (2010), directed by Martin Scorsese, from the perspective of puzzle film theory. It focuses on how temporal fragmentation, non-linear narration, and the interplay between fabula and syuzhet contribute to the viewer’s disorientation and active engagement. The analysis is based on the theories of Warren Buckland and David Bordwell, especially regarding the spectator’s cognitive role. In addition, the study looks at mise-en-scène elements such as lighting, the storm, the lighthouse, and cigarettes, considering how they reflect the protagonist’s psychological instability and reinforce narrative ambiguity. Overall, the dissertation argues that Shutter Island offers an open and uncertain viewing experience that questions narrative closure and blurs the line between reality and fiction.&lt;br />--&lt;br />Este Trabajo de Fin de Grado analiza la estructura narrativa y simbólica de Shutter Island (2010), dirigida por Martin Scorsese, desde la perspectiva de la teoría del puzzle film. El estudio se centra en cómo la fragmentación temporal, la narración no lineal y la relación entre fabula y syuzhet contribuyen a desorientar al espectador y fomentar su participación activa. El análisis se basa en las teorías de Warren Buckland y David Bordwell, y especialmente se centra en el papel cognitivo del espectador. Además, se analizan elementos del mise-en-scène, como la iluminación, la tormenta, el faro y los cigarrillos, observando cómo reflejan la inestabilidad psicológica del protagonista y refuerzan la ambigüedad narrativa. En conjunto, el trabajo defiende que Shutter Island ofrece una experiencia incierta para la audiencia que cuestiona el final narrativo tradicional y cruza los límites entre realidad y ficción.&lt;br />&lt;br /></subfield>
  </datafield>
  <datafield tag="521" ind1=" " ind2=" ">
    <subfield code="a">Graduado en Estudios Ingleses</subfield>
  </datafield>
  <datafield tag="540" ind1=" " ind2=" ">
    <subfield code="a">Derechos regulados por licencia Creative Commons</subfield>
  </datafield>
  <datafield tag="856" ind1="0" ind2=" ">
    <subfield code="f">815978@unizar.es</subfield>
  </datafield>
  <datafield tag="856" ind1="4" ind2=" ">
    <subfield code="s">2564145</subfield>
    <subfield code="u">http://zaguan.unizar.es/record/167367/files/TAZ-TFG-2025-1144.pdf</subfield>
    <subfield code="y">Memoria (eng)</subfield>
  </datafield>
  <datafield tag="909" ind1="C" ind2="O">
    <subfield code="o">oai:zaguan.unizar.es:167367</subfield>
    <subfield code="p">driver</subfield>
    <subfield code="p">trabajos-fin-grado</subfield>
  </datafield>
  <datafield tag="950" ind1=" " ind2=" ">
    <subfield code="a"></subfield>
  </datafield>
  <datafield tag="691" ind1=" " ind2=" ">
    <subfield code="a">0</subfield>
  </datafield>
  <datafield tag="692" ind1=" " ind2=" ">
    <subfield code="a"></subfield>
  </datafield>
  <datafield tag="700" ind1=" " ind2=" ">
    <subfield code="a">Azcona Montoliú, María del Mar</subfield>
    <subfield code="e">dir.</subfield>
  </datafield>
  <datafield tag="710" ind1="2" ind2=" ">
    <subfield code="a">Universidad de Zaragoza</subfield>
    <subfield code="b">Filología Inglesa y Alemana</subfield>
    <subfield code="c"></subfield>
  </datafield>
  <datafield tag="980" ind1=" " ind2=" ">
    <subfield code="a">TAZ</subfield>
    <subfield code="b">TFG</subfield>
    <subfield code="c">FFYL</subfield>
  </datafield>
  <datafield tag="999" ind1=" " ind2=" ">
    <subfield code="a">20250523214447.CREATION_DATE</subfield>
  </datafield>
  <datafield tag="951" ind1=" " ind2=" ">
    <subfield code="a">deposita:2026-01-21</subfield>
  </datafield>
</record>
</collection>